| 000 | 00663nam a22002057a 4500 | ||
|---|---|---|---|
| 005 | 20240318165307.0 | ||
| 010 | _aENG-139763 | ||
| 020 |
_a9789354424007 _c625.00 |
||
| 035 | _aEN-123295 | ||
| 037 | _bDBAD/PUB | ||
| 082 |
_a880 _21 |
||
| 100 |
_aSundaram, Neeraja _963514 |
||
| 245 |
_aEnglish Romantic Literature/ _cBy Neeraja Sundaram and Edited By Pramod K Nayar |
||
| 250 | _a1 | ||
| 260 |
_aHyderabad _bOrient Blackswan Private Ltd _c2023 |
||
| 270 |
_a3-6-752, Himayatnagar _bHyderabad _e500029 _minfo@orintblackswan.com |
||
| 300 |
_a262p. _c23cm(pbk) |
||
| 700 |
_aNayar, Pramod K _eEditor _963515 |
||
| 942 |
_2ddc _h880 _cEN _mSUN _e1 |
||
| 999 |
_c201573 _d201573 |
||